Reinvent the wheel : Make classic inventions, discover your problem-solving genius, and take the inventor’s challenge
Shranjeno v:
| Glavni avtor: | |
|---|---|
| Format: | Knjiga |
| Jezik: | Undetermined |
| Izdano: |
New York
Wiley
2001
|
| Teme: | |
| Oznake: |
Označite
Brez oznak, prvi označite!
|
| Thư viện lưu trữ: | Trung tâm Học liệu Trường Đại học Cần Thơ |
|---|
| LEADER | 00625nam a2200217Ia 4500 | ||
|---|---|---|---|
| 001 | CTU_131069 | ||
| 008 | 210402s9999 xx 000 0 und d | ||
| 020 | |c 14.95 | ||
| 082 | |a 608 | ||
| 082 | |b K19 | ||
| 100 | |a Kassinger, Ruth | ||
| 245 | 0 | |a Reinvent the wheel : | |
| 245 | 0 | |b Make classic inventions, discover your problem-solving genius, and take the inventor’s challenge | |
| 245 | 0 | |c Ruth Kassinger | |
| 260 | |a New York | ||
| 260 | |b Wiley | ||
| 260 | |c 2001 | ||
| 650 | |a Inventions,Inventions,Inventions | ||
| 650 | |x History | ||
| 904 | |i Giang | ||
| 980 | |a Trung tâm Học liệu Trường Đại học Cần Thơ | ||